00385nam a2200133Ia 45000010005000000080041000050200022000460820020000681000033000882450068001212600019001899010028002089990015002361300241024s9999 xx 000 0 und d a978-9945-427-63-9 aRD/801.95/A676t aCarlos X. Ardavín Trabanco 0aLa Torre de los panoramas. Escritos sobre literatura dominicana bNacionalc2009 a17/3/2011 11:06:44 a.m. c7921d7921